| 000 | 00459cam a2200169 a 4500 | ||
|---|---|---|---|
| 020 | _a0072909994 (student ed.) | ||
| 040 | _cDLC | ||
| 082 | 0 | 0 | _a658 IRW 2000 A040 Or. |
| 100 | 1 | _aBrealey, Richard A. | |
| 245 | 1 | 0 | _aPrinciples of corporate finance / |
| 250 | _a6th ed. | ||
| 260 |
_aBoston : _bIrwin/McGraw-Hill, _cc2000. |
||
| 300 |
_axxvi, 1093 p. : _bill. (some col.) ; _c26 cm. |
||
| 650 | 0 | _aCorporations | |
| 700 | 1 | _aMyers, Stewart C. | |
| 942 | _cEK | ||
| 999 |
_c11895 _d11895 |
||